| 000 | 00825nam a22002177a 4500 | ||
|---|---|---|---|
| 999 |
_c16687 _d16687 |
||
| 003 | AR-CdUCM | ||
| 008 | 190429b ||||| |||| 00| 0 spa d | ||
| 040 |
_aMUNICIPALIDAD PROVINCIAL DEL CUSCO _cBIBLIOTECA MUNICIPAL DEL CUSCO |
||
| 082 |
_a864.6 / _bO73 / 1932 |
||
| 100 |
_aOrtega y Gasset, José _95772 |
||
| 245 |
_aEl tema de nuestro tiempo : _bEl ocaso de las revoluciones el sentido histórico de la teoría de Eistein / |
||
| 260 |
_aChile : _bNueva época, _c1932. |
||
| 300 |
_a139 páginas ; _c19 cm. |
||
| 440 |
_aColección "Hombres e ideas" _930521 |
||
| 505 | _aContenido : La idea de las generaciones -- La previsión del futuro -- Relativismo y racionalismo ... | ||
| 650 |
_aLiteratura _983 |
||
| 650 |
_aChilena _925943 |
||
| 650 |
_aSiglo XX _98 |
||
| 942 |
_2ddc _cLIBROS |
||
| 945 |
_arah _d04/05/2019 |
||